000 00746nam a2200253 c 4500
001 a5352565
003 CO-ViMGA
005 20230915234535.0
008 130520s2013 sp a | |||| 000 1 spa
020 _a9788468308388
040 _aCO-ViMGA
_bspa
_cCO-ViMGA
041 1 _hcat
082 0 4 _a863
_bC872e
100 1 _aPou, Gisela
_d1959-
_99047
240 1 2 _aL'edat del lloro
_lEspaǫl
245 1 3 _aLa edad del loro /
_cGisela Pou ; [ilustraciones, Francisco Ruizge ; traducción, Elisenda Vergés-Bó.
250 _a1® ed.
260 _aBarcelona :
_bEdeb,
_c2013.
300 _a154 p.
_bil.
_c20 cm.
490 0 _aTucn. 12+
_v19
700 1 _aRuizge, Francisco
_d1968-
_99054
700 1 _aVergés-Bó, Elisenda
_99055
942 _2ddc
_cBK
999 _c37867
_d37867